000 00493nam a22001817a 4500
003 BUBTL
008 170313b xxu||||| |||| 00| 0 eng d
020 _a1-56676-821-7
082 _a677.02862LAF
100 _91119
_aLawrence,Carl A.
245 _aFundamentals Of Spun Yarn Technology
260 _aLondon
_bCRC press
_cc2003
300 _a400p.
_bills.
_c21cm.
650 0 _91118
_aTextile Engineering
856 _k0
_l0
_yDownload
942 _2ddc
_cBK
999 _c5431
_d5431